=LDR 00000nam 2200000 4500 =001 INLIS000000000021756 =005 20250320103442 =035 ##$$a 0010-061300000021756 =008 250320################g##########0#fre## =041 ##$$a Ind =082 ##$$a R. 443.1 =090 ##$$a 440, Par k =100 ##$$a Parisien, M. Boulanger =245 1#$$a Kamus perancis Indonesia, M. Boulanger Parisien, Djalinus Syah /$c M. Boulanger Parisien, Drs. Djalinus Syah, Dra. H. Azimar Enong =260 ##$$a Jakarta :$b Rineka Cipta,$c 2003 =300 ##$$a vii, 471 hlm. ; $c 23 x 15 cm. =650 #4$$a Kamus bahasa Perancis Indonesia =850 ##$$a NBPNMAT =020 ##$$a 979-518-436-9 =084 ##$$a R. 443.1 PAR k =250 ##$$a Cet. 2 =700 #$$a Djalinus Syah =700 #$$a Azimar Enong =990 ##$$a 1200701993 =990 ##$$a 1200701994 =990 ##$$a 1200701995 =990 ##$$a 1200701996 =990 ##$$a 30700987 =990 ##$$a 30700988 =990 ##$$a 30700988 =990 ##$$a 30700988 =990 ##$$a 1200701993 =990 ##$$a 1200701993 =990 ##$$a 1200701994 =990 ##$$a 1200701994 =990 ##$$a 1200701995 =990 ##$$a 1200701995 =990 ##$$a 1200701996 =990 ##$$a 1200701996 =990 ##$$a 30700987 =990 ##$$a 30700987 =990 ##$$a 30700987 =990 ##$$a 1200701993 =990 ##$$a 1200701994 =990 ##$$a 1200701995 =990 ##$$a 1200701996 =990 ##$$a 30700988 =990 ##$$a 10606500 =990 ##$$a 1200701993 =990 ##$$a 1200701994 =990 ##$$a 1200701995 =990 ##$$a 30700987 =990 ##$$a 30700988 =990 ##$$a 10606501 =990 ##$$a 10606501 =990 ##$$a 1200701993 =990 ##$$a 1200701993 =990 ##$$a 1200701994 =990 ##$$a 1200701994 =990 ##$$a 10606500 =990 ##$$a 10606500 =990 ##$$a 30700987 =990 ##$$a 30700987 =990 ##$$a 30700988 =990 ##$$a 30700988 =990 ##$$a 10606498 =990 ##$$a 1200701993 =990 ##$$a 10606501 =990 ##$$a 10606500 =990 ##$$a 30700987 =990 ##$$a 30700988 =990 ##$$a 20609935 =990 ##$$a 20609935 =990 ##$$a 10606498 =990 ##$$a 10606498 =990 ##$$a 10606501 =990 ##$$a 10606501 =990 ##$$a 10606500 =990 ##$$a 10606500 =990 ##$$a 30700987 =990 ##$$a 30700987 =990 ##$$a 30700988 =990 ##$$a 30700988